[Event "Oberfranken-ch 1213"]
[Site "Schney"]
[Date "2013.01.05"]
[Round "6"]
[White "Niemetz, Alexander"]
[Black "Straetker, Sebastian"]
[Result "1/2-1/2"]
[WhiteElo "1889"]
[BlackElo "1695"]
[PlyCount "66"]
[EventDate "2013.01.03"]
[EventType "swiss"]
[EventRounds "7"]
[EventCountry "GER"]
[SourceTitle "EXT 2015"]
[Source "ChessBase"]
[SourceDate "2014.11.20"]
[SourceVersion "1"]
[SourceVersionDate "2014.11.20"]
[SourceQuality "1"]

1. e4 e5 2. Nf3 Nc6 3. d4 exd4 4. Nxd4 Bc5 5. Nxc6 bxc6 6. Bd3 Nf6 7. Bg5 d6 8. 0-0 0-0 9. Kh1 h6 10. Bh4 Re8 11. f4 Rb8 12. b3 a5 13. Nd2 Bd4 14. Rb1 Qd7 15. h3 Bc3 16. Qe2 Nd5 17. Nc4 Nb4 18. a3 Nd5 19. Qf3 Nb6 20. Nb2 Bxb2 21. Rxb2 Bb7 22. Qg3 Kh8 23. Rbb1 c5 24. Rbe1 a4 25. f5 f6 26. Rf4 Qf7 27. Rg4 axb3 28. cxb3 Nd7 29. Bc4 Qf8 30. Be6 Ne5 31. Rf4 Ba6 32. Rd1 Rb6 33. Qc3 g5 1/2-1/2

[Event "Oberfranken-ch 1213"]
[Site "Schney"]
[Date "2013.01.04"]
[Round "3"]
[White "Fischer, Andreas2222"]
[Black "Niemetz, Alexander"]
[Result "0-1"]
[WhiteElo "1689"]
[BlackElo "1889"]
[PlyCount "57"]
[EventDate "2013.01.03"]
[EventType "swiss"]
[EventRounds "7"]
[EventCountry "GER"]
[SourceTitle "EXT 2015"]
[Source "ChessBase"]
[SourceDate "2014.11.20"]
[SourceVersion "1"]
[SourceVersionDate "2014.11.20"]
[SourceQuality "1"]

1. Nf3 f5 2. d4 d6 3. Bf4 Nf6 4. h3 g6 5. c3 Bg7 6. Qb3 e6 7. Nbd2 Qe7 8. e3 Nbd7 9. 0-0-0 Nb6 10. Bd3 Bd7 11. e4 Ba4 12. Qa3 Bxd1 13. Kxd1 fxe4 14. Nxe4 0-0 15. Re1 Qd7 16. Neg5 Rae8 17. Qxa7 Ra8 18. Qxb7 Rfb8 19. Qxb8+ Rxb8 20. Nxe6 Qa4+ 21. Ke2 Nfd5 22. Bg3 Re8 23. Kf1 Bf6 24. h4 Qxa2 25. h5 gxh5 26. Bh4 Bxh4 27. Nxh4 Nf6 28. Nf5 Rxe6 29. Nh6+ 0-1

[Event "Oberfranken-ch 1213"]
[Site "Schney"]
[Date "2013.01.04"]
[Round "4"]
[White "Niemetz, Alexander"]
[Black "Scherbel, Hans"]
[Result "1-0"]
[WhiteElo "1889"]
[BlackElo "1983"]
[PlyCount "59"]
[EventDate "2013.01.03"]
[EventType "swiss"]
[EventRounds "7"]
[EventCountry "GER"]
[SourceTitle "EXT 2015"]
[Source "ChessBase"]
[SourceDate "2014.11.20"]
[SourceVersion "1"]
[SourceVersionDate "2014.11.20"]
[SourceQuality "1"]

1. e4 e6 2. d4 d5 3. Nd2 Nf6 4. e5 Nfd7 5. Ngf3 c5 6. c3 Nc6 7. Bd3 Qb6 8. 0-0 cxd4 9. cxd4 Nxd4 10. Nxd4 Qxd4 11. Nf3 Qb6 12. Qa4 Qb4 13. Qc2 f5 14. Bd2 Qg4 15. h3 Qh5 16. Qa4 Bc5 17. Bb5 a6 18. Rac1 axb5 19. Qxa8 0-0 20. Qa5 b6 21. Qxb5 Qe8 22. a4 h6 23. b4 Be7 24. Rc3 g5 25. Rfc1 g4 26. Rxc8 Bd8 27. hxg4 fxg4 28. Nd4 Qf7 29. Qe2 Nxe5 30. Rxd8 1-0

[Event "Oberfranken-ch 1213"]
[Site "Schney"]
[Date "2013.01.03"]
[Round "2"]
[White "Niemetz, Alexander"]
[Black "Schwarzmann, Tobias"]
[Result "0-1"]
[WhiteElo "1889"]
[BlackElo "1985"]
[PlyCount "70"]
[EventDate "2013.01.03"]
[EventType "swiss"]
[EventRounds "7"]
[EventCountry "GER"]
[SourceTitle "EXT 2015"]
[Source "ChessBase"]
[SourceDate "2014.11.20"]
[SourceVersion "1"]
[SourceVersionDate "2014.11.20"]
[SourceQuality "1"]

1. e4 e5 2. Nf3 d6 3. d4 exd4 4. Nxd4 Nf6 5. Nc3 Be7 6. Bc4 0-0 7. f3 Nc6 8. Nxc6 bxc6 9. Bb3 Nd7 10. Be3 Bf6 11. Qd2 Nb6 12. 0-0-0 Be6 13. g4 Nc4 14. Bxc4 Bxc4 15. g5 Be7 16. Rhg1 Qc8 17. f4 f5 18. gxf6 Bxf6 19. b3 Qa6 20. Bd4 Be6 21. f5 Bd7 22. Bxf6 Rxf6 23. Qg5 Rf7 24. Rd3 Qa3+ 25. Kd2 Qc5 26. Rdg3 Kh8 27. Qh5 g6 28. Rxg6 Qd4+ 29. Kc1 Qxc3 30. R6g3 Qa1+ 31. Kd2 Qd4+ 32. Kc1 Qf6 33. Rg6 Qe7 34. Qh6 Raf8 35. R6g3 d5 0-1

[Event "Bayern-ch 82nd"]
[Site "Regensburg"]
[Date "2011.08.20"]
[Round "1"]
[White "Niemetz, Alexander"]
[Black "Lederle, Vitus"]
[Result "0-1"]
[WhiteElo "1901"]
[BlackElo "2149"]
[PlyCount "60"]
[EventDate "2011.08.20"]
[EventType "swiss"]
[EventRounds "9"]
[EventCountry "GER"]
[SourceTitle "EXT 2015"]
[Source "ChessBase"]
[SourceDate "2014.11.20"]
[SourceVersion "1"]
[SourceVersionDate "2014.11.20"]
[SourceQuality "1"]

1. f4 d5 2. Nf3 Nf6 3. g3 g6 4. Bg2 Bg7 5. d3 c5 6. 0-0 Nc6 7. Qe1 0-0 8. c3 b6 9. Na3 Qc7 10. Bd2 Bb7 11. Nc2 Rad8 12. Kh1 e6 13. Rd1 Rfe8 14. d4 Ne4 15. e3 Ba6 16. Rg1 Ne7 17. Bc1 Nf5 18. g4 Be2 19. Rd2 Bxf3 20. Bxf3 Nxd2 21. Bxd2 Nd6 22. Qf1 cxd4 23. exd4 Qc4 24. Qxc4 Nxc4 25. Bc1 b5 26. Nb4 a5 27. Nc6 Rc8 28. Ne5 b4 29. cxb4 axb4 30. Nd3 Bxd4 0-1

[Event "Oberfranken-ch"]
[Site "Schney"]
[Date "2011.01.03"]
[Round "2"]
[White "Hahn, Thomas1111"]
[Black "Niemetz, Alexander"]
[Result "0-1"]
[WhiteElo "1614"]
[BlackElo "1879"]
[PlyCount "60"]
[EventDate "2011.01.03"]
[EventType "swiss"]
[EventRounds "7"]
[EventCountry "GER"]
[SourceTitle "EXT 2015"]
[Source "ChessBase"]
[SourceDate "2014.11.20"]
[SourceVersion "1"]
[SourceVersionDate "2014.11.20"]
[SourceQuality "1"]

1. e4 d6 2. d4 Nf6 3. Nc3 g6 4. Nf3 Bg7 5. Be3 0-0 6. Be2 c6 7. h3 Qc7 8. Qd2 Re8 9. Bh6 Bh8 10. h4 Nbd7 11. h5 e5 12. hxg6 hxg6 13. d5 a6 14. Nh4 cxd5 15. Nxd5 Nxd5 16. Qxd5 Nf6 17. Qc4 Qb6 18. b3 Be6 19. Qd3 Qb4+ 20. Bd2 Qxe4 21. Qg3 Bg7 22. f3 Qc6 23. 0-0-0 Rac8 24. Bd3 e4 25. fxe4 Nxe4 26. Qe3 Nc3 27. Bxc3 Qxc3 28. Rdf1 Qb2+ 29. Kd1 Bg4+ 30. Nf3 Rxe3 0-1

[Event "Oberfranken-ch M 0910"]
[Site "Schney"]
[Date "2010.01.03"]
[Round "1"]
[White "Niemetz, Alexander"]
[Black "Wilfert, Andre"]
[Result "1/2-1/2"]
[WhiteElo "2008"]
[BlackElo "2011"]
[PlyCount "84"]
[EventDate "2010.01.03"]
[EventType "swiss"]
[EventRounds "7"]
[EventCountry "GER"]
[SourceTitle "EXT 2015"]
[Source "ChessBase"]
[SourceDate "2014.11.20"]
[SourceVersion "1"]
[SourceVersionDate "2014.11.20"]
[SourceQuality "1"]

1. d4 f5 2. c4 g6 3. Nc3 Nf6 4. Nf3 Bg7 5. g3 d6 6. Bg2 0-0 7. 0-0 Qe8 8. Re1 c6 9. e4 fxe4 10. Nxe4 Nxe4 11. Rxe4 Bf5 12. Re1 Nd7 13. Ng5 Nb6 14. c5 h6 15. cxb6 hxg5 16. Bxg5 e5 17. dxe5 dxe5 18. bxa7 Rxa7 19. Be3 Ra8 20. Bf1 Qf7 21. Qc1 Be6 22. a3 Bd5 23. Bg2 Kh7 24. Bc5 Bxg2 25. Kxg2 Qf3+ 26. Kg1 Rf5 27. Qd1 e4 28. Qc1 Rd8 29. Be3 Rd3 30. Qc2 Rb5 31. Rab1 Rdb3 32. Bc1 Bd4 33. Re2 e3 34. fxe3 Rf5 35. Qd1 Rxe3 36. Bxe3 Bxe3+ 37. Rxe3 Qxe3+ 38. Kh1 Rd5 39. Qg4 Rd4 40. Qh3+ Kg7 41. Rf1 Rd2 42. Qg4 Rxb2 1/2-1/2

[Event "Oberfranken-ch Q 0708"]
[Site "Schney"]
[Date "2008.01.05"]
[Round "6"]
[White "Niemetz, Alexander"]
[Black "Baumer, Stefan"]
[Result "1-0"]
[WhiteElo "2008"]
[BlackElo "1669"]
[PlyCount "35"]
[EventDate "2008.01.02"]
[EventType "swiss"]
[EventRounds "7"]
[EventCountry "GER"]
[SourceTitle "EXT 2010"]
[Source "ChessBase"]
[SourceDate "2010.11.25"]
[SourceVersion "1"]
[SourceVersionDate "2010.11.25"]
[SourceQuality "1"]

1. d4 b6 2. c4 e6 3. Nc3 Bb7 4. Nf3 Be7 5. e4 d6 6. Bd3 Nf6 7. Qe2 0-0 8. Bd2 Nfd7 9. 0-0-0 e5 10. Nd5 exd4 11. Nxd4 c6 12. Nxe7+ Qxe7 13. Nf5 Qe6 14. Bc3 Ne5 15. f4 Nxd3+ 16. Qxd3 f6 17. Qg3 Qd7 18. Rxd6 1-0

[Event "Oberfranken-ch Q 0708"]
[Site "Schney"]
[Date "2008.01.04"]
[Round "5"]
[White "Mueller, Matthias2222"]
[Black "Niemetz, Alexander"]
[Result "0-1"]
[WhiteElo "2021"]
[BlackElo "2008"]
[PlyCount "54"]
[EventDate "2008.01.02"]
[EventType "swiss"]
[EventRounds "7"]
[EventCountry "GER"]
[SourceTitle "EXT 2010"]
[Source "ChessBase"]
[SourceDate "2010.11.25"]
[SourceVersion "1"]
[SourceVersionDate "2010.11.25"]
[SourceQuality "1"]

1. e4 e6 2. d4 d5 3. e5 c5 4. c3 Nc6 5. Nf3 Bd7 6. Be2 f6 7. 0-0 cxd4 8. cxd4 Nge7 9. b3 fxe5 10. Nxe5 Nxe5 11. dxe5 Nc6 12. Bb2 Bc5 13. Nd2 0-0 14. Nf3 Be8 15. Bb5 Bh5 16. Bxc6 bxc6 17. Rc1 Bb6 18. Rxc6 Bxf3 19. gxf3 Qe8 20. Qc2 Rxf3 21. Kg2 Rf5 22. f4 Rd8 23. Rd6 Rc8 24. Qd2 Qg6+ 25. Kh1 Rh5 26. Rc1 Qe4+ 27. Qg2 Rxc1+ 0-1

[Event "Oberfranken-ch Q 0708"]
[Site "Schney"]
[Date "2008.01.02"]
[Round "2"]
[White "Niemetz, Alexander"]
[Black "Leicht, Gerhard"]
[Result "1-0"]
[WhiteElo "2008"]
[BlackElo "1833"]
[PlyCount "126"]
[EventDate "2008.01.02"]
[EventType "swiss"]
[EventRounds "7"]
[EventCountry "GER"]
[SourceTitle "EXT 2010"]
[Source "ChessBase"]
[SourceDate "2010.11.25"]
[SourceVersion "1"]
[SourceVersionDate "2010.11.25"]
[SourceQuality "1"]

1. d4 d5 2. c4 e6 3. Nc3 Nf6 4. cxd5 exd5 5. Bg5 Be7 6. e3 0-0 7. Bd3 Nbd7 8. Nf3 c6 9. Qc2 h6 10. Bh4 Re8 11. 0-0 Ne4 12. Bxe7 Qxe7 13. Ne2 c5 14. dxc5 Ndxc5 15. Ned4 Bd7 16. Bb5 Rec8 17. Qe2 Bg4 18. Rfd1 a6 19. Bd3 Nf6 20. h3 Bd7 21. Nf5 Bxf5 22. Bxf5 Ne6 23. Rd2 Rc7 24. Rad1 Nc5 25. Nd4 Nce4 26. Rc2 g6 27. Rxc7 Qxc7 28. Bg4 Nxg4 29. Qxg4 Nf6 30. Qf3 Kg7 31. a3 Rc8 32. Qe2 Qc4 33. Qd2 Qa4 34. Qd3 Qc4 35. Qb1 Ne4 36. f3 Nf6 37. Kf2 Nd7 38. Rd2 Nb6 39. Ne2 Qh4+ 40. Kf1 Nc4 41. Rd3 Re8 42. Qc1 Qe7 43. Kf2 Qh4+ 44. Ng3 Qe7 45. Nf1 Nb6 46. Qc3+ f6 47. Qb3 Qe6 48. a4 Re7 49. Qb4 Rc7 50. b3 Nc8 51. Ng3 Ne7 52. Ne2 Kf7 53. Nf4 Qc6 54. g4 g5 55. Ne2 Qc5 56. Qe1 Qd6 57. f4 f5 58. Kf3 fxg4+ 59. hxg4 Ng6 60. Qh1 Nh4+ 61. Kg3 Rc2 62. Qf1 Ke7 63. e4 Qe6 1-0

[Event "Oberfranken-ch M 0405"]
[Site "Schney"]
[Date "2005.01.06"]
[Round "9"]
[White "Niemetz, Alexander"]
[Black "Mueller, Helmut1111"]
[Result "1-0"]
[WhiteElo "2055"]
[BlackElo "1878"]
[PlyCount "137"]
[EventDate "2005.01.02"]
[EventType "swiss"]
[EventRounds "9"]
[EventCountry "GER"]
[SourceTitle "EXT 2015"]
[Source "ChessBase"]
[SourceDate "2014.11.20"]
[SourceVersion "1"]
[SourceVersionDate "2014.11.20"]
[SourceQuality "1"]

1. d4 Nf6 2. c4 g6 3. Nc3 Bg7 4. e4 d6 5. f4 0-0 6. Nf3 Nbd7 7. Be2 c6 8. e5 Ne8 9. 0-0 Nb6 10. Be3 Bg4 11. Qd2 Nc7 12. b3 Qd7 13. h3 Bxf3 14. Bxf3 Rad8 15. Rad1 d5 16. c5 Nc8 17. Be2 f5 18. Kh1 e6 19. Bd3 Ne7 20. Rg1 h5 21. b4 Kf7 22. Rb1 Nb5 23. Ne2 Rb8 24. Qb2 a6 25. a4 Nc7 26. Rgc1 Ra8 27. Nc3 Rfb8 28. Bf2 Bh6 29. Qd2 Rg8 30. Bh4 Rab8 31. Rb2 Ra8 32. Rcb1 Rab8 33. g3 Rh8 34. Ra2 Ra8 35. Rba1 Rhg8 36. Qb2 g5 37. fxg5 Bxg5 38. Bxg5 Rxg5 39. Rg1 Rag8 40. Qh2 Ng6 41. Rf2 Ke8 42. Ne2 Qg7 43. h4 Rg4 44. Rgg2 Nxe5 45. dxe5 Rxb4 46. Rf4 Rb3 47. Nc1 Rc3 48. Qg1 Qxe5 49. Be2 Qxf4 50. Bxh5+ Kd8 51. gxf4 Rh3+ 52. Qh2 Rxh2+ 53. Kxh2 Rh8 54. Rg5 d4 55. Kh3 Nd5 56. Nd3 b5 57. cxb6 Nxb6 58. Ne5 Kc8 59. Bf3 Nxa4 60. Bxc6 Nc5 61. Rg7 d3 62. Nc4 Rd8 63. Nd2 Rd6 64. Bf3 Rd4 65. Kg3 a5 66. h5 Rd8 67. h6 Ne4+ 68. Bxe4 fxe4 69. Kf2 1-0

[Event "Oberfranken-ch M 0405"]
[Site "Schney"]
[Date "2005.01.03"]
[Round "3"]
[White "Niemetz, Alexander"]
[Black "Breithut, Kurt Georg"]
[Result "0-1"]
[WhiteElo "2055"]
[BlackElo "2137"]
[PlyCount "68"]
[EventDate "2005.01.02"]
[EventType "swiss"]
[EventRounds "9"]
[EventCountry "GER"]
[SourceTitle "EXT 2015"]
[Source "ChessBase"]
[SourceDate "2014.11.20"]
[SourceVersion "1"]
[SourceVersionDate "2014.11.20"]
[SourceQuality "1"]

1. d4 g6 2. c4 Bg7 3. Nc3 d6 4. e4 Nc6 5. Be3 e5 6. d5 Nd4 7. Nge2 Nxe2 8. Bxe2 Ne7 9. c5 0-0 10. g4 f5 11. cxd6 cxd6 12. Rg1 Kh8 13. Bg5 fxe4 14. Bxe7 Qxe7 15. Nxe4 Rf4 16. Qd3 Bd7 17. 0-0-0 Bb5 18. Qxb5 Rxe4 19. Kb1 Rf4 20. f3 e4 21. fxe4 Rxe4 22. Bd3 Re3 23. a3 Rf8 24. Rgf1 Re8 25. h4 a6 26. Qb6 Rh3 27. Rh1 Rxh1 28. Rxh1 Qf7 29. Qb3 Qf3 30. Rf1 Qh3 31. h5 gxh5 32. gxh5 Re2 33. Qd1 Rxb2+ 34. Kc1 Qe3+ 0-1

[Event "Pyramiden Franken Cup 4th"]
[Site "Fuerth"]
[Date "2001.08.24"]
[Round "7"]
[White "Niemetz, Alexander"]
[Black "Stiepan, Hans Michael"]
[Result "1/2-1/2"]
[WhiteElo "2086"]
[BlackElo "1892"]
[PlyCount "140"]
[EventDate "2001.08.18"]
[EventType "swiss"]
[EventRounds "9"]
[EventCountry "GER"]
[SourceTitle "EXT 2010"]
[Source "ChessBase"]
[SourceDate "2010.11.25"]
[SourceVersion "1"]
[SourceVersionDate "2010.11.25"]
[SourceQuality "1"]

1. d4 e6 2. c4 Nf6 3. Nc3 Bb4 4. Bg5 h6 5. Bh4 d5 6. e3 0-0 7. Nf3 b6 8. cxd5 exd5 9. Bd3 Be6 10. 0-0 Nbd7 11. Ne5 Bxc3 12. bxc3 c5 13. f4 Nb8 14. Qf3 Bd7 15. Bxf6 Qxf6 16. Qxd5 Bc6 17. Nxc6 Nxc6 18. Qe4 g6 19. Qf3 cxd4 20. cxd4 Rac8 21. Ba6 Rcd8 22. Rad1 Nb4 23. Bc4 Kg7 24. g3 Rfe8 25. Rf2 Re7 26. a3 Nc6 27. Rfd2 Na5 28. Bd5 a6 29. e4 Qd6 30. Ba2 b5 31. e5 Qb6 32. Kg2 Nc4 33. Bxc4 bxc4 34. d5 Rc7 35. d6 Rc5 36. Rc1 Kf8 37. Rdc2 Qb5 38. Qe4 Rdc8 39. e6 Qc6 40. Qxc6 R5xc6 41. d7 Rd8 42. exf7 Rxd7 43. Rxc4 Rcd6 44. Rc8+ Kxf7 45. R1c7 Rxc7 46. Rxc7+ Ke6 47. Rh7 h5 48. Ra7 Kf5 49. Rc7 Rb6 50. Rc5+ Kf6 51. Kh3 Rd6 52. Kh4 Rb6 53. h3 Rd6 54. a4 Rb6 55. Rc7 Kf5 56. Rf7+ Ke6 57. Ra7 Kf5 58. Ra8 Rc6 59. Rf8+ Ke6 60. Kg5 Ke7 61. Ra8 Kf7 62. Ra7+ Kg8 63. Rb7 Kf8 64. Kh6 h4 65. gxh4 Rc3 66. Kg5 Rxh3 67. Rb6 a5 68. Rf6+ Ke7 69. Rxg6 Ra3 70. Ra6 Rxa4 1/2-1/2

[Event "Pyramiden Franken Cup 4th"]
[Site "Fuerth"]
[Date "2001.08.23"]
[Round "6"]
[White "Niemetz, Alexander"]
[Black "Koch, Moritz"]
[Result "0-1"]
[WhiteElo "2086"]
[BlackElo "2189"]
[PlyCount "60"]
[EventDate "2001.08.18"]
[EventType "swiss"]
[EventRounds "9"]
[EventCountry "GER"]
[SourceTitle "EXT 2010"]
[Source "ChessBase"]
[SourceDate "2010.11.25"]
[SourceVersion "1"]
[SourceVersionDate "2010.11.25"]
[SourceQuality "1"]

1. d4 Nf6 2. c4 g6 3. Nc3 d5 4. cxd5 Nxd5 5. e4 Nxc3 6. bxc3 Bg7 7. Bc4 0-0 8. Ne2 c5 9. 0-0 cxd4 10. cxd4 Nc6 11. Be3 Bg4 12. f3 Na5 13. Bd3 Be6 14. d5 Bxa1 15. Qxa1 f6 16. Rb1 b6 17. Qd4 Bd7 18. Bh6 Rf7 19. Nf4 Qc8 20. e5 fxe5 21. Qxe5 Qc5+ 22. Kh1 Qd6 23. Qg5 Qf6 24. Qg3 Bf5 25. Be4 Nc4 26. h4 Nd6 27. Re1 Rc8 28. Bg5 Qc3 29. Ne6 Nxe4 30. fxe4 Qxg3 0-1

[Event "Pyramiden Franken Cup 4th"]
[Site "Fuerth"]
[Date "2001.08.21"]
[Round "4"]
[White "Niemetz, Alexander"]
[Black "Schloetterer, Hermann"]
[Result "1-0"]
[WhiteElo "2086"]
[BlackElo "1897"]
[PlyCount "73"]
[EventDate "2001.08.18"]
[EventType "swiss"]
[EventRounds "9"]
[EventCountry "GER"]
[SourceTitle "EXT 2010"]
[Source "ChessBase"]
[SourceDate "2010.11.25"]
[SourceVersion "1"]
[SourceVersionDate "2010.11.25"]
[SourceQuality "1"]

1. d4 Nf6 2. c4 c5 3. d5 b5 4. cxb5 a6 5. b6 Qxb6 6. Nc3 g6 7. Nf3 Bg7 8. Nd2 d6 9. Nc4 Qc7 10. a4 Nbd7 11. a5 Ng4 12. f4 h5 13. e4 Bd4 14. Qf3 Rb8 15. Ne2 Bf2+ 16. Kd1 Bh4 17. g3 Bf6 18. h3 Nh6 19. Ra3 Rb4 20. Nc3 Bg7 21. Bd3 0-0 22. g4 hxg4 23. hxg4 Rxc4 24. Bxc4 Ne5 25. Qf1 Bxg4+ 26. Kc2 Nf3 27. f5 g5 28. Bxa6 Rb8 29. Bc4 Rb4 30. a6 Nxf5 31. exf5 Rxc4 32. Qxc4 Bxf5+ 33. Kd1 Nd4 34. a7 Bg4+ 35. Ne2 Nxe2 36. Qxg4 Qb7 37. a8Q+ 1-0